000 00724nam a2200253 a 4500
008
020 _a1855780720 (pbk.)
049 _aMAIN
090 _aQP601.3
100 1 _aCornish-Bowden, Athel.
245 1 0 _aFundamentals of enzyme kinetics /
_cby Athel Cornish-Bowden.
260 _aLondon :
_bPortland,
_cc1995.
300 _axiii, 343 p. :
_bill. ;
_c24 cm.
504 _aIncludes bibliographical references.
500 _aIncludes index.
650 0 _aEnzyme kinetics.
650 0 _aChemical kinetics.
650 2 _aEnzymes
907 _a.b10015371
_b06-12-05
_c17-04-03
003
005 20230920172831.0
040 _cNUST
942 _cBOOKS
_kQP601.3
_01
999 _c154976
_d154976